| 000 | 00357nam a22001337a 4500 | ||
|---|---|---|---|
| 020 | _a97981229705395 | ||
| 040 | _cNust | ||
| 082 |
_a621.3824 _bRAJ |
||
| 100 |
_aRaju, N.S.G _9123371 |
||
| 245 | _aAntennas and Wave Propagation | ||
| 260 |
_aNew Delhi: _bPearson Education Inc, _c2005. |
||
| 650 |
_aAntennas and Wave Propagation _9123372 |
||
| 942 |
_2ddc _cBK |
||
| 999 |
_c609584 _d609584 |
||